<?xml version="1.0" encoding="UTF-8"?>
<record
    xmlns:xsi="http://www.w3.org/2001/XMLSchema-instance"
    xsi:schemaLocation="http://www.loc.gov/MARC21/slim http://www.loc.gov/standards/marcxml/schema/MARC21slim.xsd"
    xmlns="http://www.loc.gov/MARC21/slim">

  <leader>00756nam a2200181 u 4500</leader>
  <controlfield tag="001">000037598</controlfield>
  <controlfield tag="005">20200930080447.0</controlfield>
  <controlfield tag="008">120919s19uu    es      r     000 0 spa d</controlfield>
  <datafield tag="040" ind1=" " ind2=" ">
    <subfield code="a">DO-SdBNP</subfield>
    <subfield code="b">spa</subfield>
    <subfield code="c">BNPHU</subfield>
  </datafield>
  <datafield tag="245" ind1="0" ind2="0">
    <subfield code="a">Mil obras maestras del arte universal :</subfield>
    <subfield code="b">maravillas eternas ; creaciones geniales /</subfield>
    <subfield code="c">Descripciones y comentarios originales de Alejandro Cirici Pellicer.</subfield>
  </datafield>
  <datafield tag="260" ind1=" " ind2=" ">
    <subfield code="a">Barcelona :</subfield>
    <subfield code="b">Instituto Gallach de Libreria y Ediciones,</subfield>
    <subfield code="c">[194?].</subfield>
  </datafield>
  <datafield tag="300" ind1=" " ind2=" ">
    <subfield code="a">V. :</subfield>
    <subfield code="b">il. ;</subfield>
    <subfield code="c">30 cm.</subfield>
  </datafield>
  <datafield tag="500" ind1=" " ind2=" ">
    <subfield code="a">Textos en dos columnas</subfield>
  </datafield>
  <datafield tag="500" ind1=" " ind2=" ">
    <subfield code="a">La biblioteca posee el v. 1</subfield>
  </datafield>
  <datafield tag="505" ind1="0" ind2=" ">
    <subfield code="g">v.1</subfield>
    <subfield code="t">De los or&#xED;genes al Rom&#xE1;nticismo. --</subfield>
  </datafield>
  <datafield tag="700" ind1="1" ind2=" ">
    <subfield code="a">Cirici, Alexandre,</subfield>
    <subfield code="d">1914-1982.</subfield>
    <subfield code="9">64072</subfield>
  </datafield>
  <datafield tag="710" ind1="2" ind2=" ">
    <subfield code="a">Barcelona.</subfield>
    <subfield code="b">Instituto Gallach de libreria y ediciones</subfield>
    <subfield code="9">64073</subfield>
  </datafield>
  <datafield tag="999" ind1=" " ind2=" ">
    <subfield code="c">37088</subfield>
    <subfield code="d">37088</subfield>
  </datafield>
</record>
